Nhập môn Tin - Sinh học

Na minha lista:
Detalhes bibliográficos
Autor principal: Lê, Sỹ Vinh
Formato: Livro
Publicado em: Hà Nội Đại học quốc gia 2014
Assuntos:
Tags: Adicionar Tag
Sem tags, seja o primeiro a adicionar uma tag!
Thư viện lưu trữ: Trung tâm Học liệu Lê Vũ Hùng, Trường Đại học Đồng Tháp
LEADER 00723pam a22002298a 4500
001 00043455
005 20190102100102.0
008 110422s1999 ||||||Viesd
041 0 # |a Vie 
082 1 4 |b NH123M  |a 572.8 
100 1 # |a Lê, Sỹ Vinh 
245 0 0 |a Nhập môn Tin - Sinh học  |c Lê Sỹ Vinh 
260 # # |a Hà Nội  |b Đại học quốc gia  |c 2014 
300 # # |a 208 tr.  |c 24 cm. 
653 # # |a Cơ sở dữ liệu 
653 # # |a sinh học 
653 # # |a Di truyền học 
653 # # |a Internet 
653 # # |a Kỹ thuật sinh học 
852 # # |j KM.0027565  |j KD.0024440  |j KM.0027566 
910 # # |d 2/1/2019 
980 # # |a Trung tâm Học liệu Lê Vũ Hùng, Trường Đại học Đồng Tháp